000 00289nam a2200109Ia 4500
008 160531s9999 xx 000 0 und d
100 _aTodorov, Ivan.
245 _aQuantization is a Mystery
245 _cby Ivan Todorov
260 _c2012
856 _uhttp://arxiv.org/pdf/1206.3116v1.pdf
999 _c295258
_d295258